[Event "Chinese Chess League Men 2019"]
[Site "Daqing"]
[Date "2019.06.24"]
[Round "6.10"]
[White "Li, Shilong"]
[Black "Li, Chao b"]
[Result "0-1"]
[WhiteElo "2482"]
[BlackElo "2698"]
[Annotator "TA"]
[PlyCount "86"]
[EventDate "2019.06.19"]
[EventType "team-tourn"]
[EventCountry "CHN"]
[SourceTitle "playchess.com"]
[Source "ChessBase"]
[SourceQuality "1"]

{[%evp 14,86,16,7,10,6,6,3,18,16,19,14,16,16,20,17,19,-20,-20,-9,0,-16,14,-10,0,0,0,0,0,0,0,0,0,0,0,0,4,0,31,35,35,16,70,37,47,28,24,14,16,0,0,-241,0,-81,-79,-606,-606,-458,-623,-600,-511,-728,-386,-709,-644,-965,-947,-1961,-1230,-3566,-1964,-29979,-29979,-29977,-29976]} 1. d4 d5 2. c4 c6 3. Nf3 Nf6 4. Nc3 dxc4 5. a4 Bg4 6. Ne5 Bh5 7. Nxc4 e6 8. Bg5 Bb4 {D16: Slav Defence: 5 a4: Lines with 5...Bg4 and 5...Na6} 9. Qb3 a5 10. e3 Nbd7 {The position is equal.} (10... O-O 11. f3 h6 12. Bh4 g5 13. Bf2 c5 14. Ne5 cxd4 15. exd4 Nd5 16. Bc4 {1-0 (32) Cabrera Pino,A (2525)-Montagard,G (2202) La Massana 2013}) 11. Be2 Bxe2 12. Kxe2 O-O 13. Rhd1 b5 14. Ne5 Qb6 15. Nxd7 $146 ({Predecessor:} 15. Nd3 bxa4 16. Nxa4 Qb5 17. Bxf6 Nxf6 18. Kf1 Rfb8 19. Kg1 Qh5 20. Qc2 Bd6 21. h3 Qb5 22. Rdc1 {½-½ (22) Pedersen,B-Husted,P Aarhus 1992}) 15... Nxd7 16. Kf1 bxa4 17. Qxa4 e5 18. Kg1 exd4 (18... h6 $5 19. Bh4 $8 exd4 20. exd4 Rfc8 $11) 19. exd4 Rfe8 20. d5 Rac8 21. dxc6 Nc5 22. Qb5 Qxb5 23. Nxb5 {Nd6 is the strong threat.} Nb3 24. c7 {Threatens to win with Ra4.} Nxa1 25. Rxa1 a4 26. Bf4 {[%mdl 1024] White has compensation.} g5 27. Bd6 Ba5 (27... Re2 $1 $11 28. Bxb4 Rxb2) 28. h4 Re4 29. Rc1 {And now Na7 would win.} Bb6 30. Kf1 gxh4 31. f3 Re6 32. Rc6 $2 {[#]} (32. Rc4 $11) 32... Ba5 $2 (32... Rce8 $1 $19 {[%csl Ge8][%cal Re6e1]} 33. Rc1 Re2) 33. Na7 {[#]} (33. Rc4 $11 {remains equal.}) 33... Rxc7 $1 $17 {[%mdl 512]} 34. Bxc7 $4 {[%mdl 8192]} (34. Rxc7 $17 Rxd6 35. Rc1) 34... Rxc6 $19 35. Nxc6 Bxc7 $17 {[%mdl 4096] Endgame KB-KN} 36. Ke2 Kg7 37. Ke3 Kf6 38. Ke4 $2 (38. Nb4 Be5 39. Nd5+ Kf5 40. Nb6) 38... Kg5 $19 39. Nd4 Bd8 40. Nf5 Bf6 41. Nd6 Bxb2 42. Nxf7+ Kg6 43. Nd6 a3 {Accuracy: White = 33%, Black = 58%.} 0-1

[Event "Chinese Chess League Men 2019"]
[Site "Daqing"]
[Date "2019.06.24"]
[Round "6.11"]
[White "Xiu, Deshun"]
[Black "Zhao, Chenxi"]
[Result "1-0"]
[WhiteElo "2538"]
[BlackElo "2383"]
[Annotator "TA"]
[PlyCount "87"]
[EventDate "2019.06.19"]
[EventType "team-tourn"]
[EventCountry "CHN"]
[SourceTitle "playchess.com"]
[Source "ChessBase"]
[SourceQuality "1"]

{[%evp 13,87,47,40,44,94,89,109,109,112,95,118,78,89,82,97,79,94,77,90,52,79,79,89,35,120,115,113,108,118,122,118,109,151,163,171,176,180,166,160,129,184,184,172,156,263,242,382,379,329,315,564,560,487,396,381,391,384,393,385,387,345,286,385,380,372,368,336,235,231,219,200,105,235,219,198,197]} 1. d4 Nf6 2. c4 g6 3. Nc3 Bg7 4. e4 d6 5. h3 O-O 6. Nf3 e5 7. d5 Nh5 8. g3 {E90: King's Indian: Classical: Early deviations and 6 h3} c5 (8... Na6 9. Nh2 Nc5 10. Be3 a5 11. Be2 Nf6 12. Bf3 Ne8 13. g4 f5 14. gxf5 gxf5 15. exf5 Bxf5 16. Bxc5 dxc5 {½-½ (79) Postny,E (2623)-Guseinov,G (2664) chess.com INT 2019}) 9. Be2 Qe7 10. Nh2 $146 {White is better.} ({Predecessor:} 10. Ng1 Nf6 11. Be3 h6 12. g4 Ne8 13. Qd2 Kh7 14. Nf3 Na6 15. O-O-O Nac7 16. Rdg1 {1-0 (25) Zrilic,B (1951)-Zezelj,M (1980) Rijeka 2015}) 10... Nf6 11. g4 Ne8 12. Rg1 Kh8 13. Be3 f5 14. gxf5 gxf5 15. exf5 Bxf5 16. Bg4 Nd7 17. Bxf5 Rxf5 18. Qg4 (18. Qc2 $16 Rh5 19. Nf1) 18... Rf8 {[#]} ({Better is} 18... Rf7 $14) 19. O-O-O $1 $16 Nef6 20. Qe6 $36 {[%mdl 2048] White is on the roll.} Rae8 21. Qxe7 Rxe7 22. Nf3 Rg8 23. Nb5 Ne8 24. Nxa7 Nc7 25. Nb5 Nxb5 26. cxb5 Ra8 (26... e4 $16 {was called for.} 27. Nd2 Ne5) 27. Kb1 $18 e4 28. Ng5 Nb6 (28... Ra5 $16 29. Bf4 Ne5) 29. Rg4 Ra4 (29... Rae8 {is a better defense.} 30. Ne6 Bf6) 30. Ne6 Bf6 31. b3 Rb4 $2 (31... Ra5 32. Bh6 (32. Rxe4 Rxb5 33. Bf4 Rb4 $18) 32... Ra8 33. Rxe4 Nd7) 32. Rdg1 {[%csl Gg1][%cal Rg4g8]} Re8 33. Ng5 Bxg5 34. Rxg5 Nc4 35. Bc1 Rxb5 {[#]} 36. R5g4 $1 {[%mdl 512] White wants to mate with Bg5.} Ne5 37. Rxe4 Rg8 38. Rd1 Rf8 39. Bb2 {Hoping for f4.} Rb4 40. Rxb4 cxb4 41. Bxe5+ dxe5 42. d6 ({White should try} 42. Re1 $18) 42... Rd8 (42... Kg7 $16) 43. Rd5 Kg8 44. Kc2 {Accuracy: White = 66%, Black = 32%.} 1-0

[Event "Chinese Chess League Men 2019"]
[Site "Daqing"]
[Date "2019.06.24"]
[Round "6.12"]
[White "Lin, Peisen"]
[Black "Yuan, Qingyu"]
[Result "1/2-1/2"]
[WhiteElo "1988"]
[BlackElo "2355"]
[Annotator "NA RC"]
[PlyCount "97"]
[EventDate "2019.06.19"]
[EventType "team-tourn"]
[EventCountry "CHN"]
[SourceTitle "playchess.com"]
[Source "ChessBase"]
[SourceQuality "1"]
[TimeControl "5400+30"]

1. e4 {[%emt 0:00:00]} e5 {[%emt 0:00:00]} 2. Nf3 {[%emt 0:00:00]} Nc6 {[%emt 0:00:00]} 3. Bb5 {[%emt 0:00:00]} a6 {[%emt 0:00:38]} 4. Ba4 {[%emt 0:00:00]} Nf6 {[%emt 0:00:03]} 5. O-O {[%emt 0:00:07]} Be7 {[%emt 0:00:02]} 6. Re1 {[%emt 0:00:10]} b5 {[%emt 0:00:14]} 7. Bb3 {[%emt 0:00:07]} d6 {[%emt 0:00:04]} 8. c3 {[%emt 0:00:12]} O-O {[%emt 0:00:05]} 9. h3 {[%emt 0:00:07]} Nb8 {[%emt 0:00:04]} 10. d4 {[%emt 0:00:31]} Nbd7 {[%emt 0:00:05]} 11. Nbd2 {[%emt 0:00:27]} Bb7 {[%emt 0:00:23]} 12. Bc2 {[%emt 0:00:27]} Re8 {[%emt 0:00:03]} 13. b4 {[%emt 0:01:42]} a5 {[%emt 0:03:23]} 14. a4 {[%emt 0:15:12]} axb4 {[%emt 0:03:22]} 15. cxb4 {[%emt 0:00:10]} bxa4 {[%emt 0:06:46]} 16. Rxa4 {[%emt 0:02:26]} exd4 {[%emt 0:06:00]} 17. Nxd4 {[%emt 0:00:56]} Bf8 {[%emt 0:00:19]} 18. Rxa8 {[%emt 0:30:09]} Qxa8 {[%emt 0:02:40]} 19. Nb5 {[%emt 0:09:42]} Qb8 {[%emt 0:02:17]} 20. Nc3 {[%emt 0:02:19]} Bc6 {[%emt 0:04:21]} 21. Ba3 {[%emt 0:01:29]} Qa7 {[%emt 0:00:34]} 22. Nc4 {[%emt 0:02:15]} Ne5 {[%emt 0:12:06]} 23. Na5 {[%emt 0:02:37]} Ba8 {[%emt 0:02:36]} 24. Nd5 {[%emt 0:07:48]} Nfd7 {[%emt 0:07:00]} 25. Bb2 {[%emt 0:03:53]} c6 {[%emt 0:07:48]} 26. Ne3 {[%emt 0:01:55]} d5 {[%emt 0:02:07]} 27. Bc3 {[%emt 0:02:49]} c5 {[%emt 0:03:01]} 28. exd5 {[%emt 0:07:34]} cxb4 {[%emt 0:00:13]} 29. Bxe5 {[%emt 0:00:29]} Nxe5 {[%emt 0:04:32]} 30. Nec4 {[%emt 0:01:50]} Qb8 {[%emt 0:00:17]} 31. Ba4 {[%emt 0:03:44]} Nf3+ {[%emt 0:07:10]} 32. gxf3 {[%emt 0:00:15]} Rxe1+ {[%emt 0:00:03]} 33. Qxe1 {[%emt 0:00:08]} Bxd5 {[%emt 0:00:03]} 34. Qe3 {[%emt 0:01:26]} Be6 {[%emt 0:01:47]} 35. Bb3 {[%emt 0:01:38]} Qd8 {[%emt 0:01:44]} 36. Nc6 {[%emt 0:01:49]} Qh4 {[%emt 0:03:33]} 37. N4e5 {[%emt 0:00:37]} Qxh3 {[%emt 0:00:05]} 38. Nd8 {[%emt 0:01:11]} Qf5 {[%emt 0:02:49]} 39. Nxe6 {[%emt 0:00:44]} fxe6 {[%emt 0:00:02]} 40. Nc6 {[%emt 0:00:20]} Qg6+ {[%emt 0:00:56]} 41. Kf1 {[%emt 0:00:10]} Qb1+ {[%emt 0:00:02]} 42. Kg2 {[%emt 0:00:13]} Qg6+ {[%emt 0:00:01]} 43. Kf1 {[%emt 0:00:57]} Qb1+ {[%emt 0:00:04]} 44. Ke2 {[%emt 0:00:38]} Qb2+ {[%emt 0:00:03]} 45. Ke1 {[%emt 0:00:28]} Qb1+ {[%emt 0:00:31]} 46. Ke2 {[%emt 0:00:36]} Qb2+ {[%emt 0:00:07]} 47. Kd1 {[%emt 0:00:25]} Qb1+ {[%emt 0:00:17]} 48. Kd2 {[%emt 0:00:36]} Qb2+ {[%emt 0:00:06]} 49. Ke1 {[%emt 0:00:34]} 1/2-1/2

[Event "Chinese Chess League Men 2019"]
[Site "Daqing"]
[Date "2019.06.25"]
[Round "7.1"]
[White "Dai, Changren"]
[Black "Bai, Jinshi"]
[Result "1/2-1/2"]
[WhiteElo "2480"]
[BlackElo "2606"]
[Annotator "TA"]
[PlyCount "139"]
[EventDate "2019.06.19"]
[EventType "team-tourn"]
[EventCountry "CHN"]
[SourceTitle "playchess.com"]
[Source "ChessBase"]
[SourceQuality "1"]

{[%evp 13,139,9,14,15,20,10,13,13,20,16,16,10,15,8,22,15,12,7,12,13,11,7,17,17,24,10,20,15,25,15,24,17,23,22,12,14,2,-47,-40,-74,-77,-96,-91,-95,-81,-80,-85,-100,-94,-100,-100,-90,-81,-81,-87,-87,-93,-91,-98,-100,-99,-118,-113,-113,-113,-131,-125,-135,-98,-104,-99,-106,-106,-118,-50,-50,-58,-107,-104,-104,-104,-104,-104,-105,-105,-109,-82,-110,-102,-97,-112,-95,-77,-77,-75,-74,-79,-70,-71,-77,-74,-104,-46,-54,-43,-47,-18,-20,-30,-53,-17,-29,-29,-29,-8,-8,0,0,0,0,0,0,0,0,0,0,0,0]} 1. e4 e5 2. Nf3 Nf6 3. Nxe5 d6 4. Nf3 Nxe4 5. Bd3 Nf6 6. h3 ({Predecessor:} 6. O-O Be7 {1-0 (51) Plat,V (2567)-Putka,V (2307) Katowice 2017}) 6... Be7 7. O-O O-O 8. c3 {C42: Petroff Defence: 3 Nxe5 and unusual White 3rd moves} b6 9. Bc2 Bb7 10. d4 Nbd7 11. Re1 $146 (11. Nbd2 Re8 12. Nc4 a5 13. Ne3 g6 {0-1 (68) Short,N (2698)-Wang,Y (2691) Poikovsky 2012}) 11... Re8 12. Bg5 Bf8 13. Nbd2 g6 14. Rxe8 Qxe8 15. Qf1 Bg7 16. Re1 Qf8 17. Qc4 Bd5 18. Qa6 Qc8 19. Qf1 h6 20. Bf4 Qf8 21. Ba4 (21. Nc4 {with more complications.} Bb7 22. Ne3 Nd5 23. Nxd5 Bxd5 24. Qe2) 21... Re8 22. c4 Rxe1 23. Qxe1 Bb7 24. b4 a6 25. Bg3 b5 26. cxb5 Nb6 {[%cal Bd7b6,Bb6d5,Bd5c3][%mdl 32]} 27. Bc2 axb5 28. Bd3 Qa8 29. Bxb5 Qxa2 30. Qe7 Nbd5 31. Qd8+ Bf8 32. Bc4 Qa8 33. Qxa8 Bxa8 34. b5 Nc3 35. Ne1 Bd5 36. Bf1 Be6 37. Nc2 Bd7 38. Na3 Nfd5 39. Bd3 Bg7 40. Nb3 Nb6 41. Bf4 Be6 42. Bd2 Nba4 43. Bc2 Ne2+ ({Better is} 43... h5 $17 44. f3 Ne2+ 45. Kf2 Nxd4 46. Nxd4 Bxd4+ 47. Be3 Bxe3+ 48. Kxe3 Nc3) 44. Kf1 $15 Nac3 45. Be3 Bxb3 46. Bxb3 Nxd4 {[%mdl 64] Double Attack} 47. Bc4 d5 48. Bd3 Kf8 49. Bd2 Nb3 50. Bf4 Nc5 51. Bxc7 Nxd3 52. b6 Be5 {[#] And now ...Ke7 would win.} 53. f4 $1 {[%mdl 512] [#]} Bd4 $1 {Strongly threatening ...Ne4.} (53... Nxf4 54. Bxe5) 54. b7 Ba7 55. b8=Q+ Bxb8 56. Bxb8 {[%mdl 4096] Endgame KBN-KNN} Ke7 57. Nc2 Nb5 (57... Kd7 $17 58. Ne1 Nc5) 58. Ke2 Nc1+ 59. Ke3 f6 60. g4 Ke6 61. h4 f5 62. h5 gxh5 63. gxh5 Nb3 64. Be5 {The position is equal.} Kf7 65. Nb4 d4+ 66. Kd3 {Kc4 is the strong threat.} Nc3 67. Bxd4 Nxd4 68. Kxd4 Ne2+ 69. Ke5 Ng3 70. Nd5 {Accuracy: White = 79%, Black = 60%.} 1/2-1/2

[Event "Chinese Chess League Men 2019"]
[Site "Daqing"]
[Date "2019.06.25"]
[Round "7.2"]
[White "Xu, Yi"]
[Black "Li, Yankai"]
[Result "1-0"]
[WhiteElo "2526"]
[BlackElo "2432"]
[Annotator "ChessBase"]
[PlyCount "69"]
[EventDate "2019.06.19"]
[EventType "team-tourn"]
[EventCountry "CHN"]
[SourceTitle "playchess.com"]
[Source "ChessBase"]
[SourceQuality "1"]
[TimeControl "5400+30"]

1. e4 {[%emt 0:00:00]} e5 {[%emt 0:00:00]} 2. Nf3 {[%emt 0:00:00]} Nc6 {[%emt 0:00:00]} 3. Bb5 {[%emt 0:00:36]} a6 {[%emt 0:00:00]} 4. Ba4 {[%emt 0:00:05]} Nf6 {[%emt 0:00:00]} 5. O-O {[%emt 0:00:16]} Be7 {[%emt 0:00:02]} 6. Re1 {[%emt 0:01:06]} b5 {[%emt 0:00:03]} 7. Bb3 {[%emt 0:00:04]} O-O {[%emt 0:00:04]} 8. d4 {[%emt 0:00:50]} d6 {[%emt 0:01:59]} 9. c3 {[%emt 0:00:07]} Bg4 {[%emt 0:00:12]} 10. Be3 {[%emt 0:00:20]} d5 {[%emt 0:00:56]} 11. exd5 {[%emt 0:01:31]} exd4 {[%emt 0:01:16]} 12. Bxd4 {[%emt 0:04:47]} Nxd4 {[%emt 0:00:05]} 13. cxd4 {[%emt 0:00:08]} Bb4 {[%emt 0:00:03]} 14. Nc3 {[%emt 0:00:10]} a5 {[%emt 0:00:02]} 15. a3 {[%emt 0:09:15]} Bxc3 {[%emt 0:00:10]} 16. bxc3 {[%emt 0:00:05]} a4 {[%emt 0:00:41]} 17. Ba2 {[%emt 0:09:50]} Qd6 {[%emt 0:05:39]} 18. h3 {[%emt 0:07:24]} Bxf3 {[%emt 0:55:25]} 19. Qxf3 {[%emt 0:01:47]} Rfd8 {[%emt 0:00:03]} 20. c4 {[%emt 0:04:45]} bxc4 {[%emt 0:00:03]} 21. Bxc4 {[%emt 0:00:10]} g6 {[%emt 0:09:27]} 22. Re3 {[%emt 0:05:11]} Re8 {[%emt 0:04:11]} 23. Rae1 {[%emt 0:04:01]} Kg7 {[%emt 0:03:14]} 24. Re5 {[%emt 0:04:54]} Rab8 {[%emt 0:00:18]} 25. g4 {[%emt 0:06:07]} h6 {[%emt 0:00:03]} 26. h4 {[%emt 0:01:37]} Rf8 {[%emt 0:00:02]} 27. g5 {[%emt 0:00:35]} hxg5 {[%emt 0:00:02]} 28. hxg5 {[%emt 0:00:05]} Nh5 {[%emt 0:00:08]} 29. Re7 {[%emt 0:08:53]} Rb2 {[%emt 0:02:53]} 30. Qe4 {[%emt 0:06:32]} Qxa3 {[%emt 0:03:52]} 31. d6 {[%emt 0:03:39]} Qxd6 {[%emt 0:04:22]} 32. Bxf7 {[%emt 0:01:04]} Nf4 {[%emt 0:00:02]} 33. Bxg6+ {[%emt 0:02:52]} Kg8 {[%emt 0:00:02]} 34. Bh7+ {[%emt 0:01:46]} Kh8 {[%emt 0:00:03]} 35. Qh1 {[%emt 0:00:06]} 1-0

[Event "Chinese Chess League Men 2019"]
[Site "Daqing"]
[Date "2019.06.25"]
[Round "7.3"]
[White "Chu, Wei Chao"]
[Black "Lou, Yiping"]
[Result "1/2-1/2"]
[WhiteElo "2374"]
[BlackElo "2482"]
[Annotator "TA"]
[PlyCount "73"]
[EventDate "2019.06.19"]
[EventType "team-tourn"]
[EventCountry "CHN"]
[SourceTitle "playchess.com"]
[Source "ChessBase"]
[SourceQuality "1"]

{[%evp 9,73,0,0,0,0,0,0,0,14,0,0,0,0,0,6,0,8,12,15,15,18,17,18,17,18,16,16,12,23,31,46,43,53,39,33,35,29,0,44,42,43,37,39,39,45,27,39,33,70,51,67,34,55,0,0,0,0,0,0,0,0,0,0,0,0,0]} 1. d4 Nf6 2. c4 g6 3. Nc3 d5 4. Nf3 Bg7 5. h3 O-O 6. cxd5 {D90: Grünfeld: 4 Nf3 Bg7 sidelines} Nxd5 7. e4 Nxc3 8. bxc3 b6 (8... c5 9. Be2 Nc6 10. Be3 cxd4 11. cxd4 f5 12. Bc4+ Kh8 13. O-O f4 14. Bc1 Nxd4 15. Ba3 Qa5 16. Bxe7 Re8 17. Nxd4 Rxe7 18. Rc1 Rxe4 19. Nb5 Be6 20. Bxe6 Qxb5 21. Bc8 Rd4 22. Qg4 Qe8 23. Rfe1 Qf8 24. Bxb7 {½-½ (24) Erdos,V (2612)-Ragger,M (2696) Skopje 2019}) 9. Be3 Bb7 10. Bd3 c5 11. O-O cxd4 12. cxd4 {[%cal Bc3d4,Bd4d5][%mdl 32]} Nc6 {[%cal Rc6d4]} 13. d5 Nb4 14. Bd4 $146 ({Predecessor:} 14. Rb1 Nxd3 15. Qxd3 Qd7 {½-½ (33) Quiroga,F (2265)-Sevillano,D (2265) Buenos Aires 1993}) 14... Bxd4 15. Nxd4 e6 16. Bb5 exd5 17. a3 Na6 18. Bc6 Rb8 19. exd5 Qf6 20. Re1 Nc5 21. Bxb7 Rxb7 22. Nc6 Rd7 23. Qc2 Kg7 (23... Nd3 $5) 24. Rad1 h5 25. a4 Rc8 26. a5 Nb7 27. Qa4 bxa5 28. Nxa7 Rcc7 29. Nc6 Rd6 30. Qb5 Rcd7 31. Nxa5 (31. Rd3 $14) 31... Nxa5 $11 {The position is equal.} 32. Qxa5 Qd8 33. Qxd8 Rxd8 34. Re5 f6 35. Re7+ Kf8 36. Rh7 Kg8 37. Ra7 {Accuracy: White = 63%, Black = 77%.} 1/2-1/2

[Event "Chinese Chess League Men 2019"]
[Site "Daqing"]
[Date "2019.06.25"]
[Round "7.4"]
[White "Xu, Yining"]
[Black "Zhao, Zhouqiao CHN"]
[Result "1-0"]
[WhiteElo "2359"]
[BlackElo "2215"]
[Annotator "NA"]
[PlyCount "95"]
[EventDate "2019.06.19"]
[EventType "team-tourn"]
[EventCountry "CHN"]
[SourceTitle "playchess.com"]
[Source "ChessBase"]
[SourceQuality "1"]
[TimeControl "5400+30"]

1. e4 {[%emt 0:00:00]} e5 {[%emt 0:00:00]} 2. Nf3 {[%emt 0:00:04]} Nc6 {[%emt 0:00:09]} 3. Bb5 {[%emt 0:00:34]} a6 {[%emt 0:01:10]} 4. Ba4 {[%emt 0:00:09]} Nf6 {[%emt 0:00:05]} 5. O-O {[%emt 0:01:47]} Be7 {[%emt 0:01:08]} 6. d3 {[%emt 0:00:39]} b5 {[%emt 0:02:10]} 7. Bb3 {[%emt 0:00:08]} d6 {[%emt 0:00:21]} 8. a4 {[%emt 0:02:21]} Bb7 {[%emt 0:03:55]} 9. Nbd2 {[%emt 0:04:18]} O-O {[%emt 0:03:35]} 10. Re1 {[%emt 0:00:08]} Nd7 {[%emt 0:00:20]} 11. c3 {[%emt 0:03:54]} Bf6 {[%emt 0:08:23]} 12. Nf1 {[%emt 0:04:19]} Na5 {[%emt 0:05:51]} 13. Ba2 {[%emt 0:01:49]} c5 {[%emt 0:03:20]} 14. Ne3 {[%emt 0:01:57]} Nb6 {[%emt 0:01:40]} 15. b4 {[%emt 0:06:16]} cxb4 {[%emt 0:04:13]} 16. cxb4 {[%emt 0:00:06]} Nc6 {[%emt 0:00:03]} 17. a5 {[%emt 0:00:40]} Nd7 {[%emt 0:03:41]} 18. Bd2 {[%emt 0:15:25]} Ne7 {[%emt 0:04:24]} 19. Rc1 {[%emt 0:00:39]} Rc8 {[%emt 0:18:37]} 20. Qb3 {[%emt 0:00:06]} h6 {[%emt 0:00:38]} 21. h4 {[%emt 0:03:50]} Kh7 {[%emt 0:02:26]} 22. Rxc8 {[%emt 0:12:04]} Qxc8 {[%emt 0:05:14]} 23. Rc1 {[%emt 0:01:54]} Qb8 {[%emt 0:00:30]} 24. h5 {[%emt 0:03:38]} Ng8 {[%emt 0:16:52]} 25. Qc2 {[%emt 0:02:16]} Bd8 {[%emt 0:09:41]} 26. Bd5 {[%emt 0:04:30]} Ne7 {[%emt 0:00:47]} 27. Bxb7 {[%emt 0:00:26]} Qxb7 {[%emt 0:00:01]} 28. Nh4 {[%emt 0:02:47]} g6 {[%emt 0:03:49]} 29. Qb3 {[%emt 0:05:07]} Nc6 {[%emt 0:00:56]} 30. Nf3 {[%emt 0:04:27]} Ndb8 {[%emt 0:00:25]} 31. Ng4 {[%emt 0:10:03]} g5 {[%emt 0:00:01]} 32. Qc2 {[%emt 0:00:42]} f6 {[%emt 0:00:48]} 33. Ne3 {[%emt 0:02:33]} Qf7 {[%emt 0:00:34]} 34. g4 {[%emt 0:01:02]} Qe6 {[%emt 0:00:35]} 35. Nf5 {[%emt 0:00:22]} Rf7 {[%emt 0:00:22]} 36. Qb2 {[%emt 0:01:37]} Rc7 {[%emt 0:00:28]} 37. Nh2 {[%emt 0:01:21]} Na7 {[%emt 0:00:37]} 38. Rxc7+ Bxc7 {[%emt 0:00:01]} 39. Nf1 {[%emt 0:00:31]} Nac6 {[%emt 0:00:50]} 40. N1e3 {[%emt 0:00:09]} Bd8 {[%emt 0:00:31]} 41. Nd5 {[%emt 0:01:23]} Nd4 {[%emt 0:00:34]} 42. Be3 {[%emt 0:01:09]} Nxf5 {[%emt 0:00:33]} 43. gxf5 {[%emt 0:00:02]} Qe8 {[%emt 0:00:19]} 44. Bb6 {[%emt 0:01:32]} Qxh5 {[%emt 0:00:41]} 45. Qc2 {[%emt 0:01:47]} Qe8 {[%emt 0:00:40]} 46. Qc8 {[%emt 0:00:25]} Qh5 {[%emt 0:00:20]} 47. Ne3 {[%emt 0:00:06]} Be7 {[%emt 0:00:35]} 48. Qxb8 {[%emt 0:00:15]} 1-0

[Event "Chinese Chess League Men 2019"]
[Site "Daqing"]
[Date "2019.06.25"]
[Round "7.6"]
[White "Li, Chao b"]
[Black "Xiang, Zeyu"]
[Result "1-0"]
[WhiteElo "2698"]
[BlackElo "2432"]
[Annotator "TA"]
[PlyCount "117"]
[EventDate "2019.06.19"]
[EventType "team-tourn"]
[EventCountry "CHN"]
[SourceTitle "playchess.com"]
[Source "ChessBase"]
[SourceQuality "1"]

{[%evp 20,117,19,8,16,6,16,6,8,0,0,0,0,0,0,0,0,0,13,9,20,0,35,10,112,115,191,202,202,201,252,234,253,258,250,230,234,209,251,197,187,189,268,183,358,217,159,197,204,173,174,158,162,104,91,22,137,132,203,223,218,202,154,54,53,53,329,580,1064,1120,1120,1119,342,350,1020,1079,341,166,1001,652,352,258,223,226,5692,6175,29966,29967,29979,29980,29980,29981,29987,29988,29988,29989,29989,29990,29998,29999]} 1. d4 d5 2. c4 e6 3. Nc3 Nf6 4. cxd5 Nxd5 5. e4 Nxc3 6. bxc3 c5 7. Nf3 cxd4 8. cxd4 Bb4+ 9. Bd2 Bxd2+ 10. Qxd2 O-O 11. Rc1 Nc6 {D41: Queen's Gambit Declined: Semi-Tarrasch with 5 cxd5} (11... b6 12. Bd3 Bb7 13. O-O Nd7 14. Qf4 Nf6 15. h4 h6 16. Rfe1 Rc8 17. e5 Rxc1 18. Rxc1 Nh5 19. Qg4 Bxf3 20. gxf3 {1-0 (47) Bu,X (2729)-Dominguez Perez,L (2750) Hengshui 2019}) 12. Be2 Ne7 13. O-O b6 {The position is equal.} 14. h4 Bb7 15. Bd3 Rc8 $146 ({Predecessor:} 15... Qd6 16. Rc2 Rac8 17. h5 h6 18. Qe3 f5 19. e5 Qd7 20. Rc4 Nd5 21. Qd2 Qf7 22. Rfc1 Rxc4 23. Rxc4 Qxh5 24. Be2 Rd8 25. Ra4 a5 26. Rc4 Ba6 {0-1 (26) Borowski,A-Relidzynski,T Poland corr 1986}) 16. Rcd1 h6 17. Rfe1 Qc7 18. Qe3 Nc6 19. Bb1 Rfd8 20. h5 Qe7 21. d5 exd5 (21... Nb8 $11) 22. e5 $1 $16 {aiming for Qd3.} Ba6 (22... Qe6 $16) 23. Qf4 $1 $18 {[%mdl 1024] White has strong compensation.} d4 {White should prevent ...d3.} 24. Be4 $1 {Black must now prevent Qf5.} Qe8 25. Qf5 g6 26. Qf4 (26. hxg6 fxg6 27. Qg4 (27. Qxg6+ Qxg6 28. Bxg6 Ne7 $14) 27... Ne7 $16) 26... Qf8 27. hxg6 fxg6 28. Qg4 Ne7 29. Rxd4 ({Weaker is} 29. Bxg6 Qg7 $16) 29... Rxd4 30. Nxd4 Qg7 (30... Kh8 {was called for.} 31. Qd7 (31. Bxg6 Qg7 $16) 31... Rd8 32. Qxa7 Rxd4) 31. f4 Rd8 $2 (31... Kh8 32. Qd7 Ng8) 32. Ne6 Bc8 33. Bf5 $1 {[%mdl 64] Pin} Bxe6 34. Bxe6+ Kh8 35. Rc1 Rd4 36. Rd1 (36. Qf3 $18 Qf8 37. f5 gxf5 38. Rc7) 36... Nc6 $16 37. Bb3 ({Better is} 37. Bd5 $16 h5 38. Qc8+ (38. Bxc6 $2 hxg4 39. Rxd4 Qe7 $19) 38... Kh7 39. Rxd4 Nxd4 40. Kf2) 37... Rxd1+ (37... Qf8 $1 $11 {remains equal.}) 38. Qxd1 Qf8 (38... Qe7 $16 {was necessary.} 39. Qg4 Kg7) 39. Qd7 $18 Qc5+ 40. Kf1 Qb5+ {[#]} 41. Ke1 (41. Kf2 $1 $16 Qc5+ 42. Kf1 Qb5+ 43. Kg1 Qc5+ 44. Kh2) 41... Qb4+ $14 42. Kd1 Ne7 $2 {[%mdl 8192]} (42... Qd4+ $14 43. Qxd4 Nxd4) 43. Qe8+ $18 Kg7 44. Qf7+ Kh8 45. Qf8+ Kh7 {[#]} 46. Bg8+ $1 {[%mdl 512]} Kh8 {Hoping for ...Qd4+.} (46... Nxg8 47. Qxb4) 47. Be6+ Kh7 {[#]} 48. Qf7+ $1 Kh8 49. Ke2 Qe4+ 50. Kf1 {White threatens Qf8+ and mate.} Qd3+ 51. Kg1 {White wants to mate with Qf8+.} Qd4+ $2 (51... Qd1+ 52. Kh2 Qh5+ 53. Kg1 Qd1+ 54. Kh2 Qh5+ 55. Bh3 Nf5 56. Qf6+ (56. Qxa7 Qh4 $18) 56... Kh7) 52. Kh2 {Qf8+ would kill now.} Qc5 53. Kh3 {White mates.} a5 54. g3 Qb4 55. Kg4 Qc5 56. f5 Qb4+ 57. Bc4 gxf5+ 58. Kh5 b5 59. Qf6+ {Accuracy: White = 78%, Black = 46%.} 1-0